Use of internet in Malaysian academic libraries /
Saved in:
| 主要作者: | |
|---|---|
| 格式: | Thesis |
| 語言: | English |
| 出版: |
Petaling Jaya :
International Islamic University Malaysia,
1997
|
| 主題: | |
| 在線閱讀: | Click here to view 1st 24 pages of the thesis. Members can view fulltext at the specified PCs in the library. |
| 標簽: |
添加標簽
沒有標簽, 成為第一個標記此記錄!
|
| LEADER | 022340000a22003970004500 | ||
|---|---|---|---|
| 001 | 155310 | ||
| 005 | 20090204161700.0 | ||
| 008 | 970913s1997 my 000 0 eng | ||
| 035 | |a 512397 | ||
| 035 | |a (Sirsi) 155310 | ||
| 040 | |a UIAM |b eng | ||
| 043 | |a a-my--- | ||
| 049 | |b m | ||
| 050 | |a Z675.U5 | ||
| 100 | 1 | |a Azwer, Mohamed Ameen | |
| 245 | 1 | 0 | |a Use of internet in Malaysian academic libraries / |c by Mohamed Ameen Azwer |
| 260 | 1 | |a Petaling Jaya : |b International Islamic University Malaysia, |c 1997 | |
| 300 | |a xiv, 92 p. : |b ill. ; |c 30 cm. | ||
| 500 | |a "A thesis submitted in partial fulfilment of the requirement for the degree of Masters in Library and Information Science." --On t.p. | ||
| 502 | |a Thesis (M.L.I.S)--International Islamic University Malaysia, Kulliyyah of Islamic Reveal Knowldge and Human Sciences, 1997. | ||
| 504 | |a Includes bibliographcial references (leaves 79-83). | ||
| 596 | |a 1 | ||
| 650 | 0 | |a Academic libraries |z Malaysia | |
| 650 | 0 | |a Internet (Computer network) |x Information services | |
| 650 | 0 | |a Librarians |z Malaysia | |
| 650 | 0 | |a Internet (Computer network) |x Study and teaching | |
| 655 | 0 | 7 | |a Theses, IIUM local |
| 690 | 0 | |a Dissertations, Academic |x Department of Library and Information Science |z IIUM | |
| 710 | 2 | |a International Islamic University Malaysia. |b Department of Library and Information Science | |
| 856 | 4 | |u http://studentrepo.iium.edu.my/handle/123456789/9699 |z Click here to view 1st 24 pages of the thesis. Members can view fulltext at the specified PCs in the library. | |
| 900 | |a fiz-naw | ||
| 999 | |c 431188 |d 462679 | ||
| 952 | |0 0 |6 T Z 675 U5 A998U 1997 |7 0 |8 THESES |9 750876 |a IIUM |b IIUM |c MULTIMEDIA |g 0.00 |o t Z 675 U5 A998U 1997 |p 00000525442 |r 2017-11-28 |t 1 |v 0.00 |y THESIS | ||
| 952 | |0 0 |6 LU T Z 675 U5 A998U 1997 |7 0 |8 THESES |9 750877 |a IIUM |b IIUM |c CLOSEACCES |g 0.00 |o lu t Z 675 U5 A998U 1997 |p 00010981405 |r 2017-10-25 |t 1 |v 0.00 |y THESIS | ||
| 952 | |0 0 |6 LU T Z 675 U5 A998U 1997 |7 0 |8 THESES |9 750878 |a IIUM |b IIUM |c CLOSEACCES |g 0.00 |o lu t Z 675 U5 A998U 1997 |p 00010981404 |r 2017-10-25 |t 2 |v 0.00 |y THESIS | ||
| 952 | |0 0 |6 TS CDF Z675U5A998U 1997 |7 0 |8 THESES |9 798463 |a IIUM |b IIUM |c MULTIMEDIA |g 0.00 |o ts cdf Z675U5A998U 1997 |p 11100326979 |r 2017-10-26 |t 1 |v 0.00 |y THESISDIG | ||
